000 01630cam a22004574i 4500
003 PE-LiUPU
005 20250731172722.0
008 150617s1981 sp r 000 0 spa d
020 _a847228638X
035 _a(Sirsi) i9788472286382
040 _aPE-LiUPU
_bspa
_cPE-LiUPU
_erda
049 _aPRUA
082 0 4 _a232
_bM95
_221
100 1 _aMurray, Andrew,
_eautor.
245 1 0 _aJesucristo Profeta/Sacerdote /
_cAndrew Murray.
264 1 _aBarcelona :
_bClie,
_c1981.
300 _a72 páginas ;
_c17 centímetros.
336 _atext
_2rdacontent
337 _aunmediated
_2rdamedia
338 _avolume
_2rdacarrier
505 0 _aEl señor Jesucristo: nuestro profeta -- El señor Jesucristo: el cumplimiento del sacerdocio -- El señor Jesucristo: nuestro camino al lugar santísimo -- El señor Jesucristo: el alimento del alma.
526 _aSEG42
526 _aSEG41
526 _aSEG40
526 _aSEG39
526 _aP94
526 _aP87
526 _aP86
526 _aP85
526 _aP77
526 _aP76
526 _aP35
600 1 _aJesucristo
_xMesiazgo
910 _ajck
_bjvq
_cjck
_d20150616
942 _2ddc
_cBOOK
949 _a232 M95
_wDEWEY
_c1
_i21186
_d2016-11-2
_e2016-10-31
_lCCODEBUL1
_mBUL
_n1
_r0
_sY
_tBOOK
_u2015-6-17
_xTEOLOGIA
_PP35
_0COMPRA
_o.STAFF. Colección General
994 _aC0
_bPEPRU
596 _a1
999 _a232 M95
_wDEWEY
_c1209
_i21186
_d1209
_e2016-10-31
_f2021-11-11
_g5
_lDISCARD
_mBUL
_n1
_p10.00
_q1
_r0
_sY
_tBOOK
_u2015-6-17
_xEDUCACION
_PP35
_0COMPRA
_o.STAFF. Colección Teología
980 _81
_gALBERTO SANCHEZ Responsable de Automatización